| 000 | 00803nam a2200277 a 4500 | ||
|---|---|---|---|
| 003 | AR-BaBNM | ||
| 005 | 20251128202734.0 | ||
| 008 | 082120s2002 ||||||||||||||000 | spa|| | ||
| 020 | _a84-7100-383-X | ||
| 040 | _cAR-BaBNM | ||
| 100 | 1 | _aRumeu de Armas, Antonio | |
| 245 | 0 | 0 |
_aEl tratado de Tordesillas _brivalidad hispano-lusa por el dominio de océanos y continentes |
| 250 | _a1ª ed. | ||
| 260 |
_aMadrid _bMapfre _c1992 |
||
| 300 | _a320 p. | ||
| 490 | 0 |
_aAmérica 92 _vv. 12 |
|
| 500 | _aContiene apéndices para consultar p. 263-308. | ||
| 650 | 4 | _aTRATADO DE TORDESILLAS | |
| 650 | 4 | _aHISTORIA POLITICA | |
| 650 | 4 | _aINSTITUCIONES HISPANOAMERICANAS | |
| 651 | 4 | _aPortugal | |
| 651 | 4 | _aEspaña | |
| 800 | 1 |
_aGallego, José Andrés _ecoordinador |
|
| 942 | _cBK | ||
| 998 | _cmariana | ||
| 999 |
_c339 _d339 |
||